RETHINKING MALAYSIA : POLITICS, EXTREMISM AND EDUCATION

Bibliographic Details
Main Author: Mohd. Tajuddin Mohd. Rasdi (Author)
Format: Book
Language:English
Published: Petaling Jaya, Selangor : Strategic Information and Research Development Centre 2020
Subjects:

MARC

LEADER 00000cam a2200000 7i4500
001 0000140988
005 20210819.0
008 210819t20202020my x 0 k eng
020 |a 9789672165729 
040 |a PERPUSTAM   |b eng   |c PERPUSTAM   |e rda 
090 0 0 |a 320.9595   |b MTM 
100 0 |a Mohd. Tajuddin Mohd. Rasdi ,   |e author 
245 1 0 |a RETHINKING MALAYSIA :   |b POLITICS, EXTREMISM AND EDUCATION   |c TAJUDDIN RASDI 
264 1 |a Petaling Jaya, Selangor :   |b Strategic Information and Research Development Centre   |c 2020 
264 4 |c ©2020 
300 |a xix, 168 pages ;   |c 23 cm. 
336 |a text  |2 rdacontent 
337 |a unmediated  |2 rdamedia 
338 |a volume  |2 rdacarrier 
650 1 0 |a Political science   |z Malaysia 
650 2 0 |a Education   |z Malaysia 
650 2 0 |a Extremists   |z Malaysia 
651 0 |a Malaysia   |x Politics and government 
651 0 |a Malaysia   |x Social conditions 
999 |a 0000680272   |b Buku   |c Rak Terbuka   |e Perbadanan Perpustakaan Awam Melaka 
999 |a 0000680273   |b Buku   |c Rak Terbuka   |e Perpustakaan Cawangan Jasin 
999 |a 0000680274   |b Buku   |c Rak Terbuka   |e Perpustakaan Cawangan Masjid Tanah 
999 |a 0000680275   |b Buku   |c Rak Terbuka   |e Perpustakaan Cawangan Merlimau 
999 |a 0000680276   |b Buku   |c Rak Terbuka   |e Perbadanan Perpustakaan Awam Melaka 
999 |a 0000680277   |b Buku   |c Rak Terbuka   |e Perbadanan Perpustakaan Awam Melaka 
999 |a 0000680278   |b Buku   |c Rak Terbuka   |e Perpustakaan Komuniti UTC Melaka